[Event "Kremenchug Grokhotov Memorial"]
[Site "Kremenchug"]
[Date "2011.01.06"]
[Round "8"]
[White "Klyuka, Sergey"]
[Black "Lyapka, Ruslan"]
[Result "1-0"]
[WhiteElo "2186"]
[BlackElo "2236"]
[PlyCount "73"]
[EventDate "2011.01.02"]
[EventType "tourn"]
[EventRounds "11"]
[EventCountry "UKR"]
[EventCategory "4"]
[SourceTitle "CBM 140 Extra"]
[Source "ChessBase"]
[SourceDate "2011.03.01"]
[SourceVersion "1"]
[SourceVersionDate "2011.03.01"]
[SourceQuality "1"]

1. d4 Nf6 2. c4 c5 3. d5 e6 4. Nc3 exd5 5. cxd5 d6 6. Nf3 g6 7. e4 Bg7 8. Be2 0-0 9. 0-0 Bg4 10. Nd2 Bxe2 11. Qxe2 Re8 12. h3 Na6 13. Re1 Nb4 14. Qd1 Rb8 15. Nf3 b5 16. a3 Na6 17. e5 Nd7 18. exd6 f5 19. Ng5 Ne5 20. Ne6 Qxd6 21. Bf4 g5 22. Nxg5 Nc7 23. Qh5 Qg6 24. Qxg6 hxg6 25. d6 Ne6 26. Bxe5 Nxg5 27. Bxg7 Kxg7 28. Rxe8 Rxe8 29. Nxb5 Rd8 30. Rd1 Ne6 31. Rd5 a6 32. Nc7 Kf7 33. Nxe6 Kxe6 34. Rxc5 Rxd6 35. b4 Rd1+ 36. Kh2 Kd6 37. Ra5 1-0

[Event "Kremenchug Grokhotov Memorial"]
[Site "Kremenchug"]
[Date "2011.01.04"]
[Round "4"]
[White "Tverdohlebov, Viktor"]
[Black "Klyuka, Sergey"]
[Result "1-0"]
[WhiteElo "2377"]
[BlackElo "2186"]
[PlyCount "57"]
[EventDate "2011.01.02"]
[EventType "tourn"]
[EventRounds "11"]
[EventCountry "UKR"]
[EventCategory "4"]
[SourceTitle "CBM 140 Extra"]
[Source "ChessBase"]
[SourceDate "2011.03.01"]
[SourceVersion "1"]
[SourceVersionDate "2011.03.01"]
[SourceQuality "1"]

1. Nf3 c5 2. g3 d5 3. Bg2 Nc6 4. d4 Nf6 5. 0-0 cxd4 6. Nxd4 e5 7. Nxc6 bxc6 8. c4 Rb8 9. Nc3 d4 10. Bxc6+ Bd7 11. Bxd7+ Qxd7 12. Na4 h5 13. f3 h4 14. g4 Nxg4 15. fxg4 Qxg4+ 16. Kf2 h3 17. Qd3 Be7 18. Rg1 Qe6 19. e4 dxe3+ 20. Bxe3 Rd8 21. Qc2 e4 22. Raf1 Rh6 23. Ke2 Rg6 24. Nc5 Bxc5 25. Bxc5 Rxg1 26. Rxg1 Qf5 27. Rxg7 Qf3+ 28. Ke1 Kd7 29. Qa4+ 1-0